Normal view
MARC view
Entry AUTORIDADES PERSONAS
001 - NÚMERO DE CONTROL
- campo de control: 494
003 - CONTROL
- campo de control: AR-BaSMT
005 - FECHA Y HORA DE LA ÚLTIMA TRANSACCIÓN
- campo de control: 20260505103527.0
008 - ELEMENTOS LONGITUD FÍSICA
- campo de control de longitud fija: 260505|| aca||aabn | a|a d
024 7# - OTROS INDICADORES NORMALIZADOS
- Fuente: VIAF
- Número estándar o código: http://viaf.org/viaf/164756236
040 ## - FUENTE DE CATALOGACIÓN
- Agencia que cataloga: AR-BaSMT
- Idioma de catalogación: spa
- Norma: RDA
100 1# - ENCABEZAMIENTO-NOMBRE DE PERSONA
- Nombre de persona: Serrano, Lucía
- Numeración: 1983
370 ## - LUGAR ASOCIADO
- País de nacimiento : España
372 ## - CAMPO DE ACTIVIDAD
- Fuente (LEMB) : LEMB
- Campo en el que la persona se ha dedicado : Literatura
374 ## - OCUPACIÓN
- Fuente Ej: LEMB : LEMB
- Ocupación: Autora
- Ocupación: Ilustradora
375 ## - GÉNERO/SEXO
- Masculino, femenino, desconocido, intersexo, … : Mujer
377 ## - IDIOMA ASOCIADO
- Código (spa) : Spa
- Lengua (español) : Español
400 1# - TRAZADO DE VÉASE--NOMBRE DE PERSONA
- Nombre de persona: Serrano Guerrero, Lucía
- Fecha asociada al nombre : 1983
400 0# - TRAZADO DE VÉASE--NOMBRE DE PERSONA
- Nombre de persona: Lucía Serrano Guerrero
- Fecha asociada al nombre : 1983
400 0# - TRAZADO DE VÉASE--NOMBRE DE PERSONA
- Nombre de persona: Lucía Serrano
- Fecha asociada al nombre : 1983
670 ## - FUENTE DE DATOS ENCONTRADOS
- Cita de la fuente: Nos tratamos bien, 2025
- Donde se localiza la información: Portada
